Mi querida secretaria

Una joven secretaria se enamora de su jefe, empleando los mismos trucos que utiliza él en sus negocios para hacerle caer en sus redes. No obstante, una vez casada, empieza a tener celos de la nueva secretaria que ha contratado su marido.

Bibliographic Details
Other Authors: Martín, Charles
Format: DVD
Language:English
Published: Estados Unidos: CÍRCULO DIGITAL S.L., 2004
Subjects:

MARC

LEADER 00000ngm a22000007a 4500
001 030920
003 UAHC_CL
005 20190508162144.0
008 130506s2004 us 130 e vleng d
952 |0 0  |1 0  |4 0  |6 DVD_972  |7 0  |8 COMP  |9 92058  |a BC  |b BC  |c Referencia  |d 2019-05-08  |e DONACION  |l 0  |o DVD-972  |p 1443384  |r 2021-12-01 00:00:00  |t c.1  |w 2019-05-08  |y DVD 
999 |c 52090  |d 52090 
040 |a UAHC_CL  |c UAHC_CL  |d UAHC_CL 
245 1 0 |a Mi querida secretaria  |c Charles Martin. 
260 |a Estados Unidos:  |b CÍRCULO DIGITAL S.L.,   |c 2004 
300 |a 1 videodisco (94 min.) 
500 |a Serie: Obras Maestras del Cine. 
520 |a Una joven secretaria se enamora de su jefe, empleando los mismos trucos que utiliza él en sus negocios para hacerle caer en sus redes. No obstante, una vez casada, empieza a tener celos de la nueva secretaria que ha contratado su marido.  
650 0 |a Películas cinematográficas  |9 3382  |z Estados Unidos  
650 0 |a Comedia (Cine)  |9 7800 
700 |a Martín, Charles  |9 7902 
900 |a DVD-972 
942 |c DVD